| 000 | 00709cab a2200229 4500 | ||
|---|---|---|---|
| 001 | WB3014-57 | ||
| 008 | 090401t1994 xxu||||| |||| 00| 0 eng d | ||
| 035 | _a(Sirsi) u24262 | ||
| 041 | _aeng | ||
| 245 | _aParadox in Paris | ||
| 260 | _c1994 | ||
| 350 | _a0 | ||
| 490 |
_aFinancial Times _v8 April 1994, 12(1) |
||
| 520 | _aDiscusses a paradox in the French property market highlighted by Credit Lyonnais`s transfer of £4.68bn of non-performing property loans into a specially formed company. | ||
| 650 | _aBANK LENDING | ||
| 650 | _aFRANCE | ||
| 650 | _aPROPERTY LOANS | ||
| 690 | _aPROPERTY-PROPERTY FINANCE AND INVESTMENT | ||
| 690 | _aOVERSEAS-EUROPE | ||
| 942 | _n0 | ||
| 948 | _c04/03/1997 | ||
| 999 |
_c16259 _d16259 |
||